El imperio de los signos (Registro nro. 180097)
[ vista simple ]
| 000 -ENCABEZADO | |
|---|---|
| Número de control [NR] | 00947 a2200253 4500 |
| 005 - FECHA Y HORA DE LA ÚLTIMA TRANSACCIÓN | |
| control field | 20140903174917.0 |
| 008 - DE LONGITUD FIJA DE DATOS DE ELEMENTOS - INFORMACIÓN GENERAL | |
| Elementos de longitud fija [NR] | 130918s2007 sp ao fr|||| 001 0dspa d |
| 020 ## - NUMERO INTERNACIONAL NORMALIZADO PARA LIBROS [R] | |
| Número Internacional Normalizado del libro [NR] | 9788432209031 |
| 040 ## - FUENTE DE CATALOGACION [NR] | |
| Agencia de catalogación original [NR] | Co-BoUCM |
| Idioma de catalogación [NR] | spa |
| Quien Cataloga | Jose A. Gerena |
| Quien Clasifica | Aldemar Mondragón |
| 041 00 - CODIGO DE IDIOMA [R] | |
| Código de idioma para texto/pista de sonido o título separado [R] | Español |
| 100 1# - ASIENTO PRINCIPAL--NOMBRE PERSONAL [NR] | |
| Nombre personal [NR] | Barthes, Roland |
| ID Autoridad | 500 |
| 245 13 - MENCION DE TITULO [NR] | |
| Título [NR] | El imperio de los signos |
| Mención de responsabilidad, etc. [NR] | Roland Barthes ; prólogo y traducción de Adolfo García Ortega |
| 260 ## - PUBLICACION, DISTRIBUCION, ETC. (PIE DE IMPRENTA) [R] | |
| Fecha de publicación, distribución, etc. [R] | 2007 |
| Nombre del editor, distribuidor, etc. [R] | Seix Barral |
| Lugar de publicación, distribución, etc. [R] | Barcelona (España) |
| 300 ## - DESCRIPCION FISICA [R] | |
| Extensión [R] | xvii, 146 páginas |
| Otros detalles físicos [NR] | ilustraciones, fotografías |
| 490 ## - MENCION DE SERIE [R] | |
| Mención de serie [R] | Los tres mundos |
| -- | Ensayo |
| 500 ## - NOTA GENERAL [R] | |
| Nota general [NR] | Incluye índice de ilustraciones |
| 651 #4 - ASIENTO SECUNDARIO DE MATERIA - NOMBRE GEOGRAFICO [R] | |
| Nombre geográfico [NR] | Japón |
| Subdivisión general [R] | Civilización |
| 9 (RLIN) | 45584 |
| 651 #4 - ASIENTO SECUNDARIO DE MATERIA - NOMBRE GEOGRAFICO [R] | |
| Nombre geográfico [NR] | Japón |
| Subdivisión general [R] | Historia |
| 9 (RLIN) | 45585 |
| 651 #4 - ASIENTO SECUNDARIO DE MATERIA - NOMBRE GEOGRAFICO [R] | |
| Nombre geográfico [NR] | Japón |
| Subdivisión general [R] | Vida social y costumbres |
| 9 (RLIN) | 45586 |
| 690 ## - ASUNTO AGREGADO LOCAL DE ENTRADA - TÉRMINO TEMÁTICO (OCLC, RLIN) | |
| 9 (RLIN) | 42844 |
| Acceso temático local | Historia de Asia |
| 700 1# - ASIENTO SECUNDARIO - NOMBRE PERSONAL [R] | |
| Nombre personal [NR] | García Ortega, Adolfo |
| Término de relación [R] | prólogo |
| -- | traductor |
| 9 (RLIN) | 45378 |
| 942 ## - ELEMENTOS DE ENTRADA AGREGADOS (KOHA) | |
| Tema principal | Historia |
| Tipo de ítem principal el descrito en 300a | Libro |
| Edición | 1 |
| Parte restante de la signatura top. | B285 |
| Sistema de clasificación | DEWEY |
| Clasificación | 952 |
| Fecha de último préstamo | Total préstamos | Signatura topográfica | Código de barras | Última vez visto | Ejemplar | Costo de reposición | Price effective from | Tipo de ítem | Perdido | Sistema de clasificación | Dañado | No prestable | Tipo de ítem específico | Suprimido | Ubicación habitual | Ubicación actual | Localización | Fecha de creación | Proveedor | Forma de adquisición | Costo |
|---|---|---|---|---|---|---|---|---|---|---|---|---|---|---|---|---|---|---|---|---|---|
| 23/02/2026 | 5 | 952 B285 | 100136065 | 27/03/2026 | Ej.1 | 52863.00 | 04/09/2013 | Libro | DEWEY | Libro | Claustro | Claustro | 2do piso | 04/09/2013 | 15 | Compra | 53200.00 |